000 01273cam a22003737a 4500
003 CHAP
005 20220817040846.0
008 971013s1990 r 00010 d
010 _a1614
011 _a2586
035 _a1781
040 _cCHAP
090 _aTesis
100 0 0 _aRuelas Angeles, Gabriel Alejandro.
_9100570
245 1 3 _aUn autómata para el manejo de precisión arbitraria en el lenguaje Pascal
260 _aMontecillo, Méx. :
_bEl autor,
_c1990
300 _a73 h.
_b: ilus.
500 _a42-138
502 _aTesis (M. C. Esp. en Estadística y Cálculo) -- C.P. Centro de Estadística y Cálculo
590 _aALEPH
_b10
_c20130110
_lUCH01
_h1209
590 _aBATCH-UPD
_b10
_c20130109
_lUCH01
_h2339
590 _aBATCH-UPD
_b10
_c20130110
_lUCH01
_h1159
590 _aBATCH-UPD
_b10
_c20130410
_lUCH01
_h0741
590 _aBATCH-UPD
_b10
_c20130914
_lUCH01
_h1650
590 _aCONVERSION
_b10
_c20130109
_lUCH01
_h1302
650 1 4 _aInteligencia artificial.
_959507
650 1 4 _aMicrocomputadoras.
_975505
650 1 4 _aPascal (Programación)
650 1 4 _aProcesamiento automático de datos.
_991738
901 _aBK
942 _cFOLL
949 _bBC
_cTES
_d-11274
_eTS1
_h23525
_i1781
_si
949 _bBC
_cTES
_d-69843
_eTS2
_fc.2
_h23526
_i1781
_si
999 _c1614
_d1614